Reforma trabalhista Ponto a ponto /

Bibliographic Details
Main Author: Dallegrave Neto, Jos ̌Affonso
Other Authors: Kajota, Ernani
Format: eBook
Language:Portuguese
Published: San Pablo: LTR, 2018
Subjects:
Online Access:Acceso restringido

MARC

LEADER 00000nam a22000007a 4500
005 20180713114644.0
007 cr|||| ||||
008 180713s2018 br |||||s|||| 00||0 por d
020 |a 978-85-361-9515-5 
035 |a 21766 
040 |a vLex 
090 |c 8037  |d 8037 
100 1 |a Dallegrave Neto, Jos ̌Affonso 
245 1 0 |a Reforma trabalhista  |h [Recurso electrn̤ico] :  |b Ponto a ponto /  |c Jos ̌Affonso Dallegrave, Neto Ernani Kajota 
256 |a Servicio en ln̕ea 
260 |a San Pablo:  |b LTR,  |c 2018 
300 |a 1 recurso electrn̤ico 
500 |a Legenda: Estudos em homenagem ao professor Luiz Eduardo Gunther. De acordo com a MP n. 808 (14.11.2017). Um novo cenr̀io se inaugura para os operadores do Direito do Trabalho, a partir da vign̊cia da Lei n. 13.467/17. A Reforma Trabalhista, como ficou alcunhada, foi aprovada de forma aȯdada e para atender aos interesses dos empresr̀ios. Nô por acaso, foi inspirada em Cartilha elaborada, em 2013, pela CNI, intitulada “101 Propostas para Modernizaȯ̂ Trabalhista”. Some-se a isso o interesse da Presidn̊cia e da maioria dos parlamentares que desejavam aprovar, a qualquer custo, as mudanȧs da legislaȯ̂ trabalhista a fim de exibir uma bandeira. Diante deste processo apressado, perdemos a grande oportunidade de aprovar uma Reforma mais reflexiva, que refletisse os anseios de todos os interessados: trabalhadores, empresr̀ios, magistrados, procuradores do MPT e advogados trabalhistas. Nô se pode ignorar que a norma legal h ̀que ser eficaz (no sentido de cumprimento vl̀ido), e eficiente (no sentido de reconhecimento da sociedade). A Lei n. 13.467/17 nô ̌eficaz, vez que recheada de inconstitucionalidades, tampouco ̌eficiente, porque desprovida de eficc̀ia social. Entrementes, nô nos cabe mais apenas criticar. Esta fase j ̀passou. Agora “comeȧ o jogo” que regula a disputa entre o capital e o trabalho na r̤bita material dos contratos, e na processual das aė̳s trabalhistas. A presente obra procura enfrentar todos (ou praticamente todos) os pontos que circunscrevem o novo paradigma de um Direito do Trabalho, mais flexv̕el e precarizado. Todos os autores convidados comentaram os dispositivos da novel lei, um a um, sem se furtar da crt̕ica. A obra ̌composta de profissionais de todas as instńcias e segmentos, sendo, em sua maioria, professores com atuaȯ̂ na advocacia de partido e de trabalhadores, alm̌ de magistrados de primeira e segunda instńcias e procuradores do Ministřio Pb︢lico do Trabalho. O livro ficou interessante e profc̕uo ao estudioso e aplicador da norma trabalhista, tributo a um dos mais destacados professores do Estado do Paran,̀ Doutor Luiz Eduardo Gunther. Este festejado jurista ̌Mestre e Doutor em Direito; professor do Mestrado do Unicuritiba e nestas l︢timas dčadas vem se dedicando ao estudo do direito material, processual, coletivo e internacional. Outrossim, o Desembargador Gunther coordena a Revista Eletrn̥ica do TRT da 9® Regiô e escreve poesia nas horas vagas. Pessoalmente, sou um admirador da trajetr̤ia deste jurista. Acima de tudo do seu lado humano. Gunther ̌um homem equilibrado, culto e acessv̕el. Um professor que comprova a velha constataȯ̂ de que "os verdadeiros sb̀ios sô humildes”. Caros leitores, sigamos em frente na expectativa de que a Reforma Trabalhista, aps̤ o susto inicial, produza relaė̳s justas e consentńeas com as inovaė̳s do mundo do trabalho. Eis a minha esperanȧ, seguida pelo meu colega e irmô de f,̌ Ernani Kajota. Que Deus nos abenȯe! 
506 1 |a Disponible solo en los productos indicados  |d vLex Global  |d vLex Global (Academic Edition, excluding Law Schools)  |d vLex Global (U.S. Academic Edition, Law Schools)  |d vLex Global (U.S. Academic Edition, excluding Law Schools)  |d vLex Global (Academic Edition, Law Schools) 
650 0 4 |a Derecho Laboral y Seguridad Social  |z Brasil 
700 1 |a Kajota, Ernani 
740 0 |a vLex Libros (Servicio en ln̕ea) 
856 4 0 |u http://vlex.com/source/reforma-trabalhista-ponto-a-ponto-estudos-em-homenagem-ao-professor-luiz-eduardo-gunther-de-acordo-com-a-mp-n-808-14-11-2017--21766  |z Acceso restringido 
942 |c BOOK 
999 0 |a Labor law and social security